Propuesta de desarrollo urbano en el sector “los altos de Tipitapa” ubicado en el costado Sureste de Tipitapa, departamento de Managua, periodo 2021-2036

En la ciudad de Tipitapa, las tendencias de crecimiento urbano reflejan un predominio de la horizontalidad en la extensión de las áreas urbanizadas, así como, de una morfología irregular y una ubicación en áreas de riesgo natural. También estas áreas de crecimiento irregular se caracterizan...

Full description

Bibliographic Details
Main Authors: García Leiva, Katherine Elizabeth, Artola Ramírez, Yoseling Elizabeth
Other Authors: Tutor: González Jirón, Samuel
Format: Tesis Section = Libro
Language:Undetermined
Spanish
Published: Managua UNI 2022
Subjects:
LEADER 01514nam a2200253Ia 4500
008 240830s9999 xx 000 0 und d
040 |a BIBLIOTECA-RUSB/ Mon 711.4 G216 
041 |a spa 
082 |a Mon 711.4 G216 
100 1 |a García Leiva, Katherine Elizabeth 
100 1 |b Artola Ramírez, Yoseling Elizabeth 
245 1 0 |a Propuesta de desarrollo urbano en el sector “los altos de Tipitapa” ubicado en el costado Sureste de Tipitapa, departamento de Managua, periodo 2021-2036 
260 |a Managua   |b UNI  |c 2022 
300 |a 90 p. :il. 
500 |a Contiene: anexos y CD 
502 |a Tesis (Arquitecto) - UNI, 2022. 
520 3 |a En la ciudad de Tipitapa, las tendencias de crecimiento urbano reflejan un predominio de la horizontalidad en la extensión de las áreas urbanizadas, así como, de una morfología irregular y una ubicación en áreas de riesgo natural. También estas áreas de crecimiento irregular se caracterizan por: vías sin condiciones para la circulación peatonal, vías con obstáculos como estructuras de comercio, déficit de equipamientos básicos, etc. lo que ha causado el surgimiento de asentamientos en lugares establecidos para otros usos o en lugares de zonas de riesgo en la periferia de la ciudad. 
650 7 |a PLANES Y PLANIFICACION CIUDAD – TIPITAPA 
650 7 |b  DESARROLLO URBANO – TIPITAPA 
650 7 |c  SERVICIOS BASICOS – TIPITAPA 
700 1 |a Tutor:  |b González Jirón, Samuel  
942 |c BK  |2 ddc 
991 |a TESIS 
999 |c 27794